[Event "Madrid Chamartin op 8th"]
[Site "Madrid"]
[Date "2019.09.13"]
[Round "7"]
[White "Gonzalez Martinez, Maria Yolanda"]
[Black "Bermudez Valles, Juan Alejandro"]
[Result "0-1"]
[WhiteElo "1063"]
[BlackElo "1288"]
[PlyCount "90"]
[EventDate "2019.09.09"]
[EventType "swiss"]
[EventRounds "9"]
[EventCountry "ESP"]
[SourceTitle "CBM 192 Extra"]
[Source "Chessbase"]
[SourceDate "2019.11.06"]
[SourceVersion "1"]
[SourceVersionDate "2019.11.06"]
[SourceQuality "1"]

1. c4 f5 2. Nf3 Nf6 3. Nc3 g6 4. g3 c6 5. Bg2 d5 6. d3 d4 7. Nb1 Bg7 8. b3 c5 9. Nbd2 0-0 10. Rb1 Nc6 11. a3 h6 12. 0-0 Qd6 13. Re1 f4 14. Nh4 fxg3 15. hxg3 Kh7 16. e3 Nh5 17. Be4 Nxg3 18. Bxg6+ Kg8 19. f4 Bf5 20. Nf1 Nxf1 21. Rxf1 Bxg6 22. e4 e5 23. Qg4 Bh7 24. Rb2 Ne7 25. Rg2 Rf7 26. f5 Qf6 27. Rff2 Kh8 28. Ng6+ Kg8 29. Nxe7+ Rxe7 30. Rh2 Kf8 31. Rh5 Bg8 32. Rfh2 Bf7 33. R5h3 h5 34. Qg3 Bh6 35. Bd2 Bxd2 36. Rxd2 Bg8 37. Rxh5 Rg7 38. Rg2 Rxg3 39. Rxg3 Bf7 40. Rhg5 Ke7 41. Rg7 Qh6 42. R3g6 Qc1+ 43. Kh2 Qd2+ 44. Rg2 Rh8+ 45. Kg1 Qe1# 0-1

[Event "Madrid Chamartin op 8th"]
[Site "Madrid"]
[Date "2019.09.12"]
[Round "5"]
[White "Martinez Rubio, Felipe"]
[Black "Bermudez Valles, Juan Alejandro"]
[Result "1-0"]
[WhiteElo "1720"]
[BlackElo "1288"]
[PlyCount "113"]
[EventDate "2019.09.09"]
[EventType "swiss"]
[EventRounds "9"]
[EventCountry "ESP"]
[SourceTitle "CBM 192 Extra"]
[Source "Chessbase"]
[SourceDate "2019.11.06"]
[SourceVersion "1"]
[SourceVersionDate "2019.11.06"]
[SourceQuality "1"]

1. g3 e5 2. Bg2 d5 3. Nf3 Nc6 4. b3 Bd6 5. d3 Nf6 6. Bb2 Be6 7. 0-0 Qd7 8. Ng5 0-0 9. Nxe6 Qxe6 10. Nd2 Rae8 11. Re1 b5 12. a3 Bc5 13. e3 d4 14. exd4 Nxd4 15. Ne4 Bb6 16. a4 a6 17. Ba3 Nxe4 18. Bxe4 c5 19. axb5 Nxb5 20. Bb2 a5 21. Bxe5 Qh6 22. Bf4 Qf6 23. Qh5 h6 24. Be3 Re5 25. Qf3 Qxf3 26. Bxf3 Nd4 27. Bxd4 Rxe1+ 28. Rxe1 cxd4 29. Kf1 Rc8 30. Bd1 Ra8 31. Bf3 Ra7 32. Re8+ Kh7 33. Rb8 Bc7 34. Rc8 Be5 35. Rc4 f5 36. Rc5 Bf6 37. Rxf5 a4 38. bxa4 Rxa4 39. Rc5 Ra1+ 40. Kg2 Ra7 41. h4 g5 42. hxg5 hxg5 43. Rc6 Kg7 44. Be4 Rf7 45. f3 Re7 46. Kh3 Ra7 47. Kg4 Ra1 48. Kf5 Ra5+ 49. Kg4 Ra1 50. Rc7+ Kf8 51. Kf5 Be7 52. Ke5 Rg1 53. g4 Rh1 54. Kxd4 Rh6 55. Rc6 Bf6+ 56. Ke3 Bd4+ 57. Kxd4 1-0

[Event "Madrid Chamartin op 8th"]
[Site "Madrid"]
[Date "2019.09.10"]
[Round "2"]
[White "Bermudez Valles, Juan Alejandro"]
[Black "Palomares Cortez, Facundo Sebast"]
[Result "1-0"]
[WhiteElo "1288"]
[BlackElo "1636"]
[PlyCount "87"]
[EventDate "2019.09.09"]
[EventType "swiss"]
[EventRounds "9"]
[EventCountry "ESP"]
[SourceTitle "CBM 192 Extra"]
[Source "Chessbase"]
[SourceDate "2019.11.06"]
[SourceVersion "1"]
[SourceVersionDate "2019.11.06"]
[SourceQuality "1"]

1. e4 e5 2. Nc3 Nf6 3. d3 Be7 4. g3 Nc6 5. a3 d5 6. Bg2 d4 7. Nce2 Bg4 8. h3 Bh5 9. g4 Bg6 10. f4 exf4 11. Bxf4 Qd7 12. Nf3 0-0-0 13. 0-0 Rhe8 14. b4 a6 15. Rc1 h5 16. g5 Nh7 17. h4 f6 18. gxf6 Bxf6 19. Qd2 Bf7 20. Bg5 Nxg5 21. hxg5 Be5 22. Nxe5 Nxe5 23. Nf4 Qg4 24. c4 Qxg5 25. Rf2 Kb8 26. b5 Rd6 27. c5 Rf6 28. bxa6 Rxa6 29. Qb2 Nc6 30. Nh3 Qe3 31. Rb1 Na5 32. Kh1 Bg8 33. Qb5 c6 34. Qxa6 Be6 35. Qxa5 Bxh3 36. Rxb7+ Kxb7 37. Rb2+ Kc8 38. Qa8+ Kd7 39. Rb7+ Ke6 40. Qxe8+ Kf6 41. Rf7+ Kg5 42. Rxg7+ Kf6 43. Qg6+ Ke5 44. Qd6# 1-0

[Event "Madrid Chamartin op 8th"]
[Site "Madrid"]
[Date "2019.09.09"]
[Round "1"]
[White "Fernandez Aransay, Fernando"]
[Black "Bermudez Valles, Juan Alejandro"]
[Result "1-0"]
[WhiteElo "1786"]
[BlackElo "1288"]
[PlyCount "29"]
[EventDate "2019.09.09"]
[EventType "swiss"]
[EventRounds "9"]
[EventCountry "ESP"]
[SourceTitle "CBM 192 Extra"]
[Source "Chessbase"]
[SourceDate "2019.11.06"]
[SourceVersion "1"]
[SourceVersionDate "2019.11.06"]
[SourceQuality "1"]

1. e4 c5 2. Nf3 Nc6 3. d4 e6 4. d5 Na5 5. Nc3 b6 6. Be2 Nf6 7. Bg5 Be7 8. d6 Bf8 9. Nb5 Be7 10. Nc7+ Kf8 11. dxe7+ Kxe7 12. Nxa8 h6 13. e5 hxg5 14. Qd6+ Ke8 15. Nc7+ 1-0

[Event "Madrid Chamartin op 7th"]
[Site "Madrid"]
[Date "2018.09.09"]
[Round "9"]
[White "Martin Rodriguez, Jose Luis"]
[Black "Bermudez Valles, Juan Alejandro"]
[Result "0-1"]
[WhiteElo "1243"]
[BlackElo "1316"]
[PlyCount "130"]
[EventDate "2018.09.03"]
[EventType "swiss"]
[EventRounds "9"]
[EventCountry "ESP"]
[SourceTitle "CBM 187 Extra"]
[Source "ChessBase"]
[SourceDate "2018.11.04"]
[SourceVersion "1"]
[SourceVersionDate "2018.11.04"]
[SourceQuality "1"]

1. c4 f5 2. d4 Nf6 3. Nf3 d5 4. e3 e6 5. cxd5 Qxd5 6. Nc3 Qa5 7. Bd2 c6 8. Qc2 Nbd7 9. Bc4 Nb8 10. 0-0 b5 11. Nxb5 Qd8 12. Nc3 g6 13. Ng5 Qe7 14. Nf3 Bg7 15. Ne5 0-0 16. f3 Bb7 17. Qb3 Nd5 18. f4 Bxe5 19. dxe5 Na6 20. Qd1 Nc5 21. Be1 Nxe3 22. Qe2 Nxf1 23. Qxf1 Rad8 24. Bf2 Rd2 25. b4 Nd7 26. Qc1 Rxf2 27. Kxf2 Qxb4 28. Bxe6+ Kh8 29. Ke3 Qb6+ 30. Ke2 Ba6+ 31. Kf3 Rd8 32. Rb1 Qd4 33. Bxd7 Rxd7 34. Rb2 Qd3+ 35. Qe3 Qxe3+ 36. Kxe3 Rd3+ 37. Kf2 Rxc3 38. Rb8+ Kg7 39. Ra8 Rc2+ 40. Kg3 Bc4 41. Rxa7+ Kh6 42. a4 g5 43. fxg5+ Kxg5 44. Rg7+ Kh6 45. Re7 Re2 46. Kf3 Kg6 47. a5 Ra2 48. Ra7 h5 49. Kf4 Rxg2 50. Rc7 Bd5 51. a6 Rf2+ 52. Kg3 Rf3+ 53. Kh4 Rf4+ 54. Kg3 Rf3+ 55. Kh4 Ra3 56. a7 f4 57. Rd7 f3 58. Kg3 h4+ 59. Kxh4 f2 60. Rd6+ Kg7 61. Rd7+ Bf7 62. e6 f1Q 63. Rxf7+ Qxf7 64. exf7 Kxf7 65. Kg5 Rxa7 0-1

[Event "Madrid Chamartin op 7th"]
[Site "Madrid"]
[Date "2018.09.04"]
[Round "3"]
[White "Bermudez Valles, Juan Alejandro"]
[Black "Cupeiro Fernandez, Manuel"]
[Result "0-1"]
[WhiteElo "1316"]
[BlackElo "1555"]
[PlyCount "86"]
[EventDate "2018.09.03"]
[EventType "swiss"]
[EventRounds "9"]
[EventCountry "ESP"]
[SourceTitle "CBM 187 Extra"]
[Source "ChessBase"]
[SourceDate "2018.11.04"]
[SourceVersion "1"]
[SourceVersionDate "2018.11.04"]
[SourceQuality "1"]

1. e4 c6 2. d3 d6 3. g3 e5 4. Bg2 Be7 5. Nc3 Nf6 6. h3 Be6 7. f4 exf4 8. Bxf4 Nbd7 9. Nf3 Nh5 10. 0-0 Nxf4 11. gxf4 Nf6 12. f5 Bd7 13. Ne2 Qb6+ 14. Kh1 0-0 15. b3 Nh5 16. Qe1 Bf6 17. c3 Qe3 18. Rd1 Nf4 19. Nxf4 Qxf4 20. Nd4 Qe5 21. Qf2 c5 22. Ne2 Bc6 23. d4 cxd4 24. cxd4 Qa5 25. d5 Bb5 26. a4 Bxe2 27. Qxe2 Be5 28. Qf3 f6 29. Rg1 Rac8 30. Bf1 Rc3 31. Qg4 Rf7 32. Bc4 a6 33. Qh5 Rg3 34. Rxg3 Bxg3 35. Qf3 Be5 36. Be2 Rc7 37. Qh5 Rc8 38. Rg1 Qc7 39. Bc4 Qf7 40. Qg4 Rc5 41. Qe2 Qe8 42. Rg4 b5 43. b4 Rxc4 0-1

[Event "Madrid Chamartin op 7th"]
[Site "Madrid"]
[Date "2018.09.03"]
[Round "1"]
[White "Bermudez Valles, Juan Alejandro"]
[Black "Arroyo Fernandez, Francisco J"]
[Result "1/2-1/2"]
[WhiteElo "1316"]
[BlackElo "1794"]
[PlyCount "54"]
[EventDate "2018.09.03"]
[EventType "swiss"]
[EventRounds "9"]
[EventCountry "ESP"]
[SourceTitle "CBM 187 Extra"]
[Source "ChessBase"]
[SourceDate "2018.11.04"]
[SourceVersion "1"]
[SourceVersionDate "2018.11.04"]
[SourceQuality "1"]

1. e4 d6 2. Nc3 Nf6 3. h3 c6 4. d3 e5 5. g3 Be7 6. Bg2 b5 7. a3 Bb7 8. f4 Nbd7 9. Nf3 Nh5 10. Ne2 Qb6 11. c3 Nxg3 12. Nxg3 exf4 13. Nf5 g5 14. Nxe7 Kxe7 15. d4 Rag8 16. 0-0 h5 17. h4 g4 18. Nh2 f3 19. Nxf3 gxf3 20. Qxf3 Ne5 21. Bg5+ Kd7 22. Qf5+ Kc7 23. Kh1 Bc8 24. Qf6 Nd7 25. Qxf7 Rf8 26. Qe7 Re8 27. Qf7 Ref8 1/2-1/2

[Event "Madrid Chamartin op 6th"]
[Site "Madrid"]
[Date "2017.09.08"]
[Round "7"]
[White "Pareja Cerrato, Antonio"]
[Black "Bermudez Valles, Juan Alejandro"]
[Result "1-0"]
[WhiteElo "1525"]
[BlackElo "1373"]
[PlyCount "34"]
[EventDate "2017.09.04"]
[EventType "swiss"]
[EventRounds "9"]
[EventCountry "ESP"]
[SourceTitle "CBM 180 Extra"]
[Source "ChessBase"]
[SourceDate "2017.10.06"]
[SourceVersion "1"]
[SourceVersionDate "2017.10.06"]
[SourceQuality "1"]

1. e4 e5 2. Nf3 Nc6 3. Bc4 h6 4. Nc3 d6 5. h3 Nf6 6. a3 Be7 7. d3 0-0 8. Be3 b6 9. Nd5 Bb7 10. Nxf6+ Bxf6 11. Bd5 Qd7 12. Qd2 Rab8 13. Nh2 g5 14. Ng4 Bg7 15. Bxg5 Kh7 16. Bxh6 Rg8 17. Bxg7 Kxg7 1-0